10 największych miast we Francji - Statystyki

Ogólne statystyki
  • Ten quiz został rozwiązany 47 razy
  • Średni wynik to 7 z 10
Statystyki odpowiedzi
Ludność Odpowiedź % Poprawnych
2 180 000 Paryż
100%
863 000 Marsylia
96%
516 000 Lyon
94%
254 000 Bordeaux
68%
340 000 Nicea
57%
232 000 Lille
55%
309 000 Nantes
55%
285 000 Montpellier
45%
479 000 Tuluza
45%
280 000 Strasbourg
43%
Nie znaleziono quizów pasujących do podanych kryteriów
Rozkład punktacji
Procent ludzi z każdym wynikiem
Percentyl według liczby udzielonych odpowiedzi
Twoja historia wyników
Nie rozwiązałeś tego quizu